=LDR 00000nam 2200000 4500 =001 INLIS000000000019860 =005 20130612114857 =008 ***********************************Ind** =035 ##$$0010-061300000019860 =041 ##$$a Ind =082 ##$$a 868.83 =090 ##$$a 868.83, Lan c =100 ##$$a Lane, Margaret =245 ##$$a A. Calabash of diamonds, an African Fresure Hurt, Margaret Lane =260 ##$$a 1961 $b London =300 ##$$a 215 hlm, 31 cm =650 ##$$a Kesusastraan Spanyol-Penulisan =850 ##$$a NBPNMAT